Southville International School and Colleges
Your cart is empty.
  • Cart
  • Lists
    Public lists Eva Luna New books Lux_list list_1
    Your lists Log in to create your own lists
  • Log in to your account
  • Your cookies
  • Search history
Southville International School and Colleges
  • Advanced search
  • Recent comments
  • Most popular
  • Libraries

Log in to your account

Log in with GOOGLE


If you do not have an external account, but do have a local account, you can still log in:

  1. Home
  2. MARC view: The untold story of Imelda Marcos /
Normal view MARC view ISBD view

The untold story of Imelda Marcos / (Record no. 18791)

[ view plain ]
MARC details
000 -LEADER
fixed length control field 00447nam a22001697a 4500
003 - CONTROL NUMBER IDENTIFIER
control field OSt
005 - DATE AND TIME OF LATEST TRANSACTION
control field 20140310183106.0
008 - FIXED-LENGTH DATA ELEMENTS--GENERAL INFORMATION
fixed length control field 130305t xxu||||| |||| 00| 0 eng d
050 ## - LIBRARY OF CONGRESS CALL NUMBER
Classification number DS 686.6
Item number .P43 1986
100 ## - MAIN ENTRY--PERSONAL NAME
Personal name Pedrosa, Carmen Navarro
245 ## - TITLE STATEMENT
Title The untold story of Imelda Marcos /
Statement of responsibility, etc Carmen Navarro Pedrosa
260 ## - PUBLICATION, DISTRIBUTION, ETC. (IMPRINT)
Place of publication, distribution, etc Rizal :
Name of publisher, distributor, etc Tandem,
Date of publication, distribution, etc 1986.
300 ## - PHYSICAL DESCRIPTION
Extent 231 p. :
Dimensions 17 cm
562 ## - COPY AND VERSION IDENTIFICATION NOTE
Number of copies 1
942 ## - ADDED ENTRY ELEMENTS (KOHA)
Source of classification or shelving scheme Library of Congress Classification
Koha item type Books
Call number prefix Rare Filipiniana

No items available.

The untold story of Imelda Marcos /

APA

Pedrosa C. N., . (1986). The untold story of Imelda Marcos. Rizal: Tandem.

Chicago

Pedrosa Carmen Navarro, . 1986. The untold story of Imelda Marcos. Rizal: Tandem.

Harvard

Pedrosa C. N., . (1986). The untold story of Imelda Marcos. Rizal: Tandem.

MLA

Pedrosa Carmen Navarro, . The untold story of Imelda Marcos. Rizal: Tandem. 1986.

  • Print
  • Cite
  • Add to your cart (remove)
  • Save record
    BIBTEX Dublin Core MARCXML MARC (non-Unicode/MARC-8) MARC (Unicode/UTF-8) MARC (Unicode/UTF-8, Standard) MODS (XML) RIS
  • More searches
    Search for this title in:
    Other Libraries (WorldCat) Other Databases (Google Scholar) Online Stores (Bookfinder.com) Open Library (openlibrary.org)

Exporting to Dublin Core...

SOUTHVILLE LIBRARY

Southville International School and Colleges Library

1281 Tropical Ave. Cor. Luxembourg St., BF Homes International, Las Pinas City

Tel. No. 8256374 / 252358 Loc. 117/146

Powered by Koha